| 000 | 00577nam a2200229Ia 4500 | ||
|---|---|---|---|
| 003 | GCL | ||
| 008 | 140319s9999 xx 000 0 eng d | ||
| 040 |
_aGCL / _cGCL |
||
| 082 | 0 | 4 |
_aCC _b299.31 _bC M |
| 100 | 1 | _aCASHFORD, JULES | |
| 245 | 1 | 0 |
_aTHE MYTH OF ISIS AND OSIRIS / _cCASHFORD, JULES |
| 260 |
_a[S.N] : _bBAREFOOT BOOKS LTD ، _c1994 |
||
| 300 | _a29 | ||
| 650 | 0 | 4 | _aMYTHS |
| 650 | 0 | 4 | _aTHEOLOGY |
| 650 | 0 | 4 | _aMYTHOLOGY - EGYPT |
| 650 | 0 | 4 | _aANCIENT EGYPT |
| 650 | 0 | 4 | _aANCIENT EGYPT - RELIGION |
| 650 | 0 | 4 | _aISIS |
| 650 | 0 | 4 | _aMYTHOLOGY |
| 942 |
_2ddc _cBK |
||
| 999 |
_c25542 _d25542 |
||